[Event "Philadelphia op"]
[Site "Philadelphia"]
[Date "1987.??.??"]
[Round "?"]
[White "Gruenfeld, Yehuda"]
[Black "Glueck, David"]
[Result "1-0"]
[WhiteElo "2535"]
[BlackElo "2345"]

1.e4 e6 2.d4 d5 3.Nd2 Nc6 4.Ngf3 Nf6 5.e5 Nd7 6.Nb3 a5 7.a4 Be7 8.h4 b6 9.Bf4 Ba6
10.Bxa6 Rxa6 11.Nc1 Ncb8 12.Rh3 h6 13.Kf1 Ra8 14.Kg1 Na6 15.Ne2 Qc8 16.h5 c6
17.Rg3 Bf8 18.Nh2 Nc7 19.Qd2 Qa6 20.Ng4 b5 21.b3 Nb6 22.axb5 cxb5 23.Nc1 b4
24.c3 Nb5 25.cxb4 Bxb4 26.Qb2 Nd7 27.Bd2 Bxd2 28.Qxd2 Qb6 29.Ne2 Nb8 30.Ne3 Rg8
31.f4 Nc6 32.Ra4 Kd7 33.f5 Rac8 34.Kh2 Nb4 35.Ra1 Nc7 36.Rf1 exf5 37.Rxf5 Qe6
38.Nf4 Qe7 39.Qe2 Rcd8 40.Rg4 Kc8 41.Nd3 Nxd3 42.Qxd3 Kb7 43.Qc3 Kb6 44.Rf2 Nb5
45.Qc2 Kb7 46.Qd3 Qd7 47.Qh7 Qe7 48.g3 f6 49.Nf5 Qf7 50.Rg6 Ka6 51.Rxf6+  1-0

[Event "POL-ch"]
[Site "?"]
[Date "1987.??.??"]
[Round "?"]
[White "Skrobek, Ryszard"]
[Black "Kuligowski, Adam"]
[Result "1/2-1/2"]
[WhiteElo "2410"]
[BlackElo "2400"]

1.e4 e6 2.d4 d5 3.Nd2 a6 4.Ngf3 Nf6 5.e5 Nfd7 6.Bd3 c5 7.c3 Nc6 8.O-O Qb6
9.dxc5 Qc7 10.b4 Ncxe5 11.Nxe5 Nxe5 12.Nf3 Ng6 13.Re1 Be7 14.Rb1 Bd7 15.c4 dxc4
16.Bxc4 Rd8 17.Qe2 Bc6 18.Bb2 O-O 19.Rbd1 Rxd1 20.Rxd1 Rd8 21.Rxd8+ Qxd8
22.Qd2 Qxd2 23.Nxd2 Nf4 24.g3 Nd5 25.a3 Kf8  1/2-1/2

[Event "POL-ch"]
[Site "?"]
[Date "1987.??.??"]
[Round "?"]
[White "Skrobek, Ryszard"]
[Black "Panczyk, Krzysztof"]
[Result "1/2-1/2"]
[WhiteElo "2410"]
[BlackElo "2410"]

1.e4 e6 2.d4 d5 3.Nd2 a6 4.Ngf3 Nf6 5.e5 Nfd7 6.Bd3 c5 7.c3 Nc6 8.O-O b5
9.Re1 cxd4 10.cxd4 Qb6 11.Nb3 a5 12.Be3 b4 13.Qc2 h6 14.Rac1 Ba6 15.Qxc6 Qxc6
16.Rxc6 Bxd3 17.Rec1 Kd8 18.Nc5 Nxc5 19.dxc5 Be7 20.Nd4 Kd7 21.Rb6 Rhb8 22.Nc6 Rc8
23.Nxe7 Kxe7 24.c6 Ra6 25.Rxa6 Bxa6 26.Bb6 a4 27.Bc5+ Ke8 28.Bxb4 Bc4 29.Bd6 Rxc6
30.b3 Bb5  1/2-1/2

[Event "Primorsko op"]
[Site "Primorsko"]
[Date "1987.??.??"]
[Round "3"]
[White "Dobrovolsky, Ladislav"]
[Black "Bednarski, Jacek B"]
[Result "1-0"]
[WhiteElo "2425"]
[BlackElo "2360"]

1.e4 e6 2.d4 d5 3.Nd2 Be7 4.Ngf3 Nf6 5.e5 Nfd7 6.c4 dxc4 7.Bxc4 c5 8.O-O cxd4
9.Ne4 Nc6 10.Bf4 O-O 11.Re1 Nb6 12.Bd3 Nd5 13.Bg3 f5 14.exf6 gxf6 15.Rc1 f5
16.Ne5 Ndb4 17.Nxc6 Nxc6 18.Nc5 Rf6 19.Bh4 Rf7 20.Bxe7 Rxe7 21.Qh5 Qd6 22.Qh6 Ne5
23.Bxf5  1-0

[Event "Nordic-chT"]
[Site "Slupsk"]
[Date "1987.??.??"]
[Round "1"]
[White "Sznapik, Aleksander"]
[Black "Karlsson, Lars"]
[Result "0-1"]
[WhiteElo "2425"]
[BlackElo "2495"]

1.e4 e6 2.d4 d5 3.Nd2 a6 4.Ngf3 c5 5.exd5 exd5 6.dxc5 Bxc5 7.Nb3 Bb6 8.Be2 Nf6
9.O-O O-O 10.Bg5 Nc6 11.c3 Re8 12.Qc2 Qd6 13.Rad1 Ne4 14.Be3 Bxe3 15.fxe3 Qh6
16.Qc1 Nf6 17.c4 Ng4 18.cxd5 Nce5 19.h3 Qxe3+ 20.Qxe3 Nxe3 21.Nxe5 Rxe5 22.Bf3 Nxf1
23.Kxf1 Rb8 24.Nc5 a5 25.Nb3 Bf5 26.Nxa5 Be4 27.Bxe4 Rxe4 28.d6 Rf4+ 29.Kg1 Rb4
30.b3 Kf8 31.Rd5 f6 32.a3 Rb6 33.b4 Kf7 34.Nc4 Rc6 35.Na5 Rc1+ 36.Kh2 Ke6
37.Rh5 Rc3 38.Rh4 Kxd6 39.Rxh7 b6  0-1

[Event "Rilton Cup"]
[Site "Stockholm"]
[Date "1987.??.??"]
[Round "?"]
[White "Eriksson, Mats"]
[Black "Raaste, Eero J"]
[Result "0-1"]
[WhiteElo "2285"]
[BlackElo "2405"]

1.e4 e6 2.d4 d5 3.Nd2 a6 4.Ngf3 c5 5.Bd3 Nc6 6.dxc5 Bxc5 7.a3 Nf6 8.O-O O-O
9.b4 Ba7 10.c4 dxc4 11.Nxc4 b5 12.Ne3 Bb7 13.Bb2 Nd4 14.Nc2 Nxc2 15.Qxc2 Rc8
16.Qe2 Nh5 17.g3 Qe7 18.Ne5 Nf6 19.Rac1 h5 20.Kg2 Rfd8 21.Rxc8 Rxc8 22.f3 Ne8
23.Bb1 Nd6 24.Rc1 Rxc1 25.Bxc1 Qc7 26.Bb2 Qb6 27.Qd2 Qg1+ 28.Kh3 Qxb1 29.Qxd6 Qxb2
30.Qd8+ Kh7 31.Qg5 Be3 32.f4 Qe2 33.g4 Qf1+ 34.Kg3 Qf2+ 35.Kh3 hxg4+ 36.Kxg4 Qg2+
37.Kh4 Qxg5+ 38.Kxg5 f6+ 39.Kg4 fxe5 40.fxe5 Bxe4 41.Kg3 Kh6 42.Kg4  0-1

[Event "Tbilisi"]
[Site "Tbilisi"]
[Date "1987.??.??"]
[Round "?"]
[White "Yudasin, Leonid"]
[Black "Drasko, Milan"]
[Result "1-0"]
[WhiteElo "2505"]
[BlackElo "2465"]

1.e4 e6 2.d4 d5 3.Nd2 Nc6 4.Ngf3 Nf6 5.e5 Nd7 6.Bb5 a6 7.Bxc6 bxc6 8.Nb3 c5
9.Bg5 Be7 10.Na5 Nxe5 11.dxe5 Bxg5 12.Nc6 Qd7 13.Nxg5 h6 14.Nxf7 Qxf7 15.O-O O-O
16.Qd2 Bd7 17.Na5 Rab8 18.c4 Qf4 19.Qe2 Rf5 20.Rfe1 Rbf8 21.f3 Rh5 22.g3 Qxf3
23.Qxf3 Rxf3 24.Nb3 dxc4 25.Nxc5 Bc8 26.Rad1 Rhf5 27.Re2 c3 28.b4 c2 29.Rd8+ Rf8
30.Rxf8+ Kxf8 31.Rxc2 Re3 32.Nb3 Bb7 33.Rxc7 Bd5 34.Nc5 Ra3 35.Ra7 Rxa2 36.Rxa6 Rg2+
37.Kf1 Rxh2 38.Nxe6+ Bxe6 39.Rxe6 Rb2 40.Rb6 h5 41.Rb7 g5 42.b5 h4 43.gxh4 gxh4
44.b6 h3 45.Kg1 Ke8 46.e6 h2+ 47.Kh1 Kd8 48.Rd7+ Kc8 49.b7+  1-0

[Event "Toronto"]
[Site "Toronto"]
[Date "1987.??.??"]
[Round "?"]
[White "Findlay, Ian T"]
[Black "Spraggett, Kevin"]
[Result "1/2-1/2"]
[WhiteElo "2410"]
[BlackElo "2550"]

1.e4 e6 2.d4 d5 3.Nd2 a6 4.Ngf3 c5 5.exd5 exd5 6.Be2 Nc6 7.O-O c4 8.Re1 Be7
9.b3 cxb3 10.axb3 Nf6 11.Nf1 O-O 12.Ng3 Ne4  1/2-1/2

[Event "Zenica"]
[Site "Zenica"]
[Date "1987.??.??"]
[Round "?"]
[White "Subasic, Ilijas"]
[Black "Kovacevic, Vlatko"]
[Result "1/2-1/2"]
[WhiteElo "2335"]
[BlackElo "2490"]

1.e4 e6 2.d4 d5 3.Nd2 Nc6 4.Ngf3 Nf6 5.e5 Nd7 6.Nb3 Be7 7.Bd3 a5 8.a4 b6
9.h4 Nb4 10.Be2 Ba6 11.c3 Bxe2 12.Qxe2 Na6 13.Rh3 h6 14.h5 c6 15.Rg3 Bf8
16.Be3 Qc8 17.Kf1 Nc7 18.Kg1 Qa6 19.Qd1 O-O-O 20.Nc1 c5 21.Nd3 c4 22.Nf4 Kb7
23.Nd2 Rg8 24.b3 cxb3 25.Qxb3 Nb8 26.Rb1 Ka7 27.Qc2 Be7 28.Nd3 Nc6 29.Rf3 Rgf8
30.Rg3 Rg8 31.Rf3 Rgf8 32.Rg3 Rg8  1/2-1/2

[Event "Zug"]
[Site "Zug"]
[Date "1987.??.??"]
[Round "6"]
[White "Iten, Rene"]
[Black "Klinger, Josef"]
[Result "0-1"]
[WhiteElo "2225"]
[BlackElo "2490"]

1.e4 e6 2.d4 d5 3.Nd2 Nc6 4.Ngf3 Nf6 5.e5 Nd7 6.Nb3 Be7 7.Bb5 Ncb8 8.h4 a5
9.a4 b6 10.Rh3 h6 11.Rg3 Bf8 12.Be3 Ba6 13.Nc1 c6 14.Bxa6 Nxa6 15.Nd3 c5
16.Nf4 cxd4 17.Bxd4 Nac5 18.h5 Qc7 19.Rg4 Ne4 20.Qe2 Bc5 21.Bxc5 bxc5 22.Rxg7 Kf8
23.Rg4 Nxe5 24.Nxe5 Qxe5 25.Nd3 Qd4 26.f3 Qg1+ 27.Qf1 Qxf1+ 28.Kxf1 Nf6 29.Rh4 c4
30.Ne5 Rb8 31.Ra2 Kg7 32.Nc6 Rb6 33.Nd4 Rhb8 34.Nb5 Ne8 35.Rg4+ Kf8 36.Ke2 Nf6
37.Rh4 Nd7 38.b3 cxb3 39.cxb3 Rc8 40.b4 Ra6 41.Kd2 Ke7 42.bxa5 Rxa5 43.Rb4 e5
44.g4 d4 45.Na3 Rc3 46.Ke2 Re3+  0-1

[Event "Mitropa-Cup"]
[Site "Aosta"]
[Date "1988.??.??"]
[Round "?"]
[White "Boudre, Jean Pierre"]
[Black "Roth, Peter"]
[Result "0-1"]
[WhiteElo "2320"]
[BlackElo "2360"]

1.e4 e6 2.d4 d5 3.Nd2 Nc6 4.Ngf3 Nf6 5.e5 Nd7 6.c3 f6 7.Bb5 Be7 8.Qe2 fxe5
9.dxe5 O-O 10.O-O Qe8 11.Re1 Qh5 12.Nf1 Rxf3 13.Bxc6 Rf5 14.Bxd7 Bxd7 15.Qxh5 Rxh5
16.f4 Rf8 17.Be3 c5 18.Rad1 Bc6 19.Rd2 h6 20.Ng3 Rh4 21.h3 g5 22.fxg5 hxg5
23.Rf2 Rxf2 24.Kxf2 Ra4 25.a3 Be8 26.Nf1 b5 27.Rd1 a5 28.Nd2 Bg6 29.Re1 b4
30.axb4 axb4 31.Nb3 c4 32.Bc5 bxc3 33.Bxe7 cxb2  0-1

[Event "EU-ch U20"]
[Site "Arnhem"]
[Date "1988.??.??"]
[Round "7"]
[White "Wahls, Matthias"]
[Black "Dreev, Alexey"]
[Result "0-1"]
[WhiteElo "2460"]
[BlackElo "2495"]

1.e4 e6 2.d4 d5 3.Nd2 a6 4.Ngf3 c5 5.exd5 exd5 6.Be2 c4 7.b3 b5 8.a4 Bb7
9.axb5 axb5 10.Rxa8 Bxa8 11.O-O Bd6 12.Re1 Ne7 13.Ne5 f6 14.Ng4 O-O 15.Bf3 Na6
16.Nf1 Nc7 17.c3 Bc6 18.h4 Ng6 19.g3 f5 20.Ne5 Bxe5 21.dxe5 Re8 22.Qd4 Ne6
23.Qa7 Qa8 24.Qxa8 Rxa8 25.bxc4 bxc4 26.h5 Ne7 27.Be3 Ra3 28.Rc1 g5 29.Nh2 h6
30.Be2 Be8 31.f4 Ra2 32.Bf3 g4 33.Bg2 Bxh5 34.Nf1 Be8 35.Bf2 Bc6 36.Ne3 Ra3
37.Be1 Nc5 38.Bf1 Kf7 39.Nc2 Ra8 40.Nd4 Nb3 41.Nxb3 cxb3 42.Rb1 Ba4 43.c4 Rc8
44.Ra1 b2 45.Rb1 dxc4 46.Rxb2 c3 47.Rb4 c2 48.Bd2 Rd8 49.Be3 Rd1 50.Rxa4 Nd5
51.Ra7+ Kg6 52.Ra6+ Kh5 53.Kf2 Rxf1+  0-1

[Event "GMA-Open"]
[Site "Belgrade"]
[Date "1988.??.??"]
[Round "?"]
[White "Ivanov, Jordan"]
[Black "Eingorn, Vereslav S"]
[Result "0-1"]
[WhiteElo "2425"]
[BlackElo "2560"]

1.d4 e6 2.e4 d5 3.Nd2 a6 4.Ngf3 c5 5.exd5 exd5 6.Be2 c4 7.O-O Bd6 8.Re1 Ne7
9.b3 cxb3 10.axb3 Nbc6 11.c3 O-O 12.Bd3 Bf5 13.Bxf5 Nxf5 14.Ba3 Rc8 15.Bxd6 Nxd6
16.Nf1 Nb5 17.Qd3 Na5 18.c4 dxc4 19.bxc4 Nxc4 20.Ng3 Ncd6 21.Re5 Rc3 22.Qe2 Qc8
23.Re1 Rc1 24.h4 Qc2 25.Rxc1 Qxc1+ 26.Kh2 Qf4 27.Qd3 Rc8 28.Kh3 Qc1 29.Nh5 h6
30.Nf4  0-1

[Event "GMA-Open"]
[Site "Belgrade"]
[Date "1988.??.??"]
[Round "?"]
[White "Micic, Cedomir"]
[Black "Gunawan, Ronny"]
[Result "1/2-1/2"]
[WhiteElo "2355"]
[BlackElo "2440"]

1.e4 e6 2.d4 d5 3.Nd2 Nc6 4.c3 e5 5.exd5 Qxd5 6.Ngf3 exd4 7.Bc4 Qd8 8.cxd4 Qe7+
9.Be2 Be6 10.O-O O-O-O 11.Nc4 Nf6 12.Qc2 Bd5 13.Nce5 Nxd4 14.Nxd4 Qxe5 15.Nb5 a6
16.Nc3 Bd6 17.g3 Bc6 18.Re1 Qe6 19.Bg5 Qh3 20.Bf1 Qg4 21.Bxf6 gxf6 22.Bg2 Bxg2
23.Kxg2 f5 24.Nd5 Kb8 25.f4 Qg6 26.Ne7 Bxe7  1/2-1/2

[Event "GMA-Open"]
[Site "Belgrade"]
[Date "1988.??.??"]
[Round "?"]
[White "Zapata, Alonso"]
[Black "Hergott, Deen"]
[Result "1-0"]
[WhiteElo "2480"]
[BlackElo "2365"]

1.e4 e6 2.d4 d5 3.Nd2 a6 4.Ngf3 c5 5.exd5 exd5 6.Qe2+ Be7 7.dxc5 Nf6 8.Nb3 O-O
9.Bg5 Re8 10.O-O-O Ne4 11.Be3 Nc6 12.Qe1 Nxc5 13.Bc4 Nb4 14.Nxc5 Bxc5 15.Bb3 a5
16.Qd2 Bxe3 17.fxe3 Qb6 18.a3 a4 19.Qd4 Qxd4 20.Rxd4 axb3 21.Rxb4 Rxe3 22.Kd2 Re7
23.Rxb3 Bf5 24.Re1 Be4 25.Nd4 Kf8 26.Rb6 Bxg2 27.Rxe7 Kxe7 28.Nf5+ Kf8 29.Rxb7 Bh3
30.Nd4 h5 31.b4 Rxa3 32.b5 Bf1 33.b6 Ra8 34.Ra7 Rb8 35.Nc6  1-0

[Event "GMA-Open"]
[Site "Belgrade"]
[Date "1988.??.??"]
[Round "?"]
[White "Lematschko, Tatjana"]
[Black "Ilic, Dragan"]
[Result "1/2-1/2"]
[WhiteElo "2335"]
[BlackElo "2420"]

1.e4 e6 2.d4 d5 3.Nd2 Nc6 4.c3 f5 5.exd5 exd5 6.Bd3 Nf6 7.Ne2 Bd6 8.Nf3 O-O
9.Bg5 h6 10.Bxf6 Qxf6 11.Qc2 Bd7 12.O-O-O Rab8 13.g3 b5 14.Nf4 g5 15.Nxd5 Qf7
16.Ne3 Qxa2 17.Nxf5 Na5 18.Nd2 b4 19.Nxd6 bxc3 20.Bc4+ Nxc4 21.Qg6+ Kh8 22.Qxh6+  1/2-1/2

[Event "GMA-Open"]
[Site "Belgrade"]
[Date "1988.??.??"]
[Round "?"]
[White "Glek, Igor V"]
[Black "Eingorn, Vereslav S"]
[Result "1/2-1/2"]
[WhiteElo "2500"]
[BlackElo "2560"]

1.e4 e6 2.d4 d5 3.Nd2 a6 4.Ngf3 c5 5.dxc5 Bxc5 6.Bd3 Nf6 7.O-O Nc6 8.a3 a5
9.exd5 exd5 10.Re1+ Be6 11.Nb3 Bb6 12.c3 O-O 13.h3 Re8 14.Nbd4 Nxd4 15.Nxd4 Qd6
16.Nb5 Qc6 17.Nd4 Qd6 18.Nb5 Qd7 19.Be3 Bf5 20.Bxf5 Qxb5 21.Bd3 Qc6 22.Qd2 h6  1/2-1/2

[Event "GMA-Open"]
[Site "Belgrade"]
[Date "1988.??.??"]
[Round "?"]
[White "Timoshenko, Georgy"]
[Black "Piskov, Yury"]
[Result "0-1"]
[WhiteElo "2515"]
[BlackElo "2415"]

1.e4 e6 2.d4 d5 3.Nd2 a6 4.Ngf3 c5 5.exd5 exd5 6.Be2 Nf6 7.O-O Be7 8.dxc5 Bxc5
9.Nb3 Bb6 10.Bg5 O-O 11.c3 Re8 12.Bh4 h6 13.Nfd4 Nc6 14.Bf3 g5 15.Bg3 Ne4
16.Bxe4 dxe4 17.Qh5 Qf6 18.Rad1 Ne5 19.Rfe1 Bg4 20.Bxe5 Bxd1 21.Bxf6 Bxh5
22.h3 Bg6 23.g4 Bd8 24.Bxd8 Raxd8 25.Na5 b5 26.a3 Rd6 27.Kg2 Kf8 28.Kg3 Re5
29.a4 f5 30.gxf5 Bxf5 31.axb5 axb5 32.b4 Bd7 33.Nb7 Rf6 34.Nc5 Be8 35.Re3 Re7
36.Nxe4 Rf4 37.Nd2 Rxe3+ 38.fxe3 Rf6 39.e4 Ra6 40.c4 Ra3+ 41.N4f3 bxc4 42.Nxc4 Rb3
43.Nd2 Rxb4 44.h4 gxh4+ 45.Nxh4 Rd4 46.Nhf3 Rd3 47.Kg4 Ba4 48.Kf4 Bd1 49.e5 h5
50.Ke4 Be2 51.Ng1 Rxd2 52.Ke3 Rd5 53.Ke4 Bc4  0-1

[Event "URS-ch otbor56"]
[Site "Blagoveshchensk"]
[Date "1988.??.??"]
[Round "?"]
[White "Piesina, Gintautas"]
[Black "Muratov, Vladimir A"]
[Result "1-0"]
[WhiteElo "2390"]
[BlackElo "2215"]

1.e4 e6 2.d4 d5 3.Nd2 Nc6 4.Ngf3 Nf6 5.e5 Nd7 6.Nb3 f6 7.Bb5 fxe5 8.dxe5 Be7
9.Nbd4 Ndb8 10.c3 O-O 11.h4 Nxd4 12.cxd4 Nc6 13.Bd3 Qe8 14.a3 Rxf3 15.gxf3 Nxd4
16.Bxh7+ Kxh7 17.Qxd4 Qh5 18.Rg1 Qxf3 19.Bg5 Bf8 20.Rd1 b6 21.Qd3+ Qxd3 22.Rxd3 Bd7
23.Rf3 Kg8 24.Bh6 Re8 25.Rxf8+ Kxf8 26.Rxg7 Bb5 27.a4 Ba6 28.Rxc7+ Kg8 29.Rxa7 Bc4
30.h5 Rc8 31.Bg5 Bd3 32.h6 Bf5 33.Bf6 Rc1+ 34.Kd2 Rh1 35.Bg5 Rh5 36.Rg7+ Kf8
37.b4 d4 38.a5 bxa5 39.bxa5 Rh2 40.a6 Rxf2+ 41.Kd1 Ra2 42.a7 Be4 43.Rd7 Rg2
44.h7  1-0

[Event "Borzhomi"]
[Site "Borzhomi"]
[Date "1988.??.??"]
[Round "?"]
[White "Smirin, Ilia"]
[Black "Dreev, Alexey"]
[Result "0-1"]
[WhiteElo "2500"]
[BlackElo "2495"]

1.e4 e6 2.d4 d5 3.Nd2 a6 4.Ngf3 c5 5.dxc5 Bxc5 6.Bd3 Nc6 7.O-O Nf6 8.Qe2 Qc7
9.exd5 Nxd5 10.Ne4 Be7 11.Bc4 Nf4 12.Qe3 Ng6 13.b3 O-O 14.Bb2 b5 15.Bd3 Nb4
16.h4 Nd5 17.Qd4 Nf6 18.Rfe1 Bb7 19.Qe3 Ng4 20.Qe2 Nxh4 21.g3 Nxf3+ 22.Qxf3 f5
23.Qe2 Nxf2  0-1

[Event "US op"]
[Site "Boston"]
[Date "1988.??.??"]
[Round "?"]
[White "Ivanov, Alexander"]
[Black "Reyes, Romuel"]
[Result "1-0"]
[WhiteElo "2420"]
[BlackElo "2320"]

1.e4 e6 2.d4 d5 3.Nd2 Nc6 4.Ngf3 Nh6 5.c3 Be7 6.Bd3 dxe4 7.Nxe4 Nf5 8.Bf4 Bd6
9.Nxd6+ Nxd6 10.Qe2 Ne7 11.O-O-O f6 12.g4 O-O 13.g5 Nd5 14.Bd2 b5 15.Rhg1 f5
16.Bxb5 Nxb5 17.Qxb5 Bd7 18.Qc5 a5 19.Ne5 Rb8 20.c4 Nb4 21.a3 Na6 22.Qxa5 Ra8
23.d5 Qe7 24.Nxd7 Qxd7 25.Rge1 e5 26.Rxe5 Rfb8 27.Rde1 Nb4 28.Qxb4 Rxb4 29.Bxb4 c5
30.Bc3 Qa4 31.f4 Qxc4 32.Rxf5 g6 33.Rf6  1-0

[Event "Caorle op"]
[Site "Caorle"]
[Date "1988.??.??"]
[Round "7"]
[White "Leoncini, Mario"]
[Black "Samaritani, Fabio"]
[Result "1/2-1/2"]
[WhiteElo "2035"]
[BlackElo "2020"]

1.e4 e6 2.d4 d5 3.Nd2 a6 4.Bd3 c5 5.c3 cxd4 6.cxd4 dxe4 7.Nxe4 Bb4+ 8.Nc3 Nf6
9.Nf3 Nc6 10.O-O h6 11.a3 Bd6 12.Ne4 Nxe4 13.Bxe4 O-O 14.Qe2 Bd7 15.Rd1 Rc8
16.d5  1/2-1/2

[Event "Copenhagen AS04"]
[Site "Copenhagen"]
[Date "1988.??.??"]
[Round "?"]
[White "Kristensen, Bjarke"]
[Black "Schussler, Harry"]
[Result "0-1"]
[WhiteElo "2400"]
[BlackElo "2525"]

1.e4 e6 2.d4 d5 3.Nd2 a6 4.Ngf3 c5 5.c4 dxc4 6.Nxc4 b5 7.Nce5 cxd4 8.a4 Nf6
9.axb5 Bb4+ 10.Bd2 Bxd2+ 11.Qxd2 O-O 12.Bd3 Bb7 13.Nc6 Nxc6 14.bxc6 Bxc6
15.e5 Ne4 16.Bxe4 Bxe4 17.Ng5 Bxg2 18.Rg1 Bb7 19.Ra3 Qd5 20.Ra5 Qc4 21.Nxh7 Rfc8
22.Nf6+ Kf8 23.Nh7+ Ke7 24.Rxg7 Qc1+ 25.Qxc1 Rxc1+ 26.Kd2 Rac8 27.Ng5 R8c2+
28.Kd3 Rxf2 29.Kxd4 Rf5 30.Rc5 Rxc5 31.Kxc5 Rxe5+ 32.Kb6 Rb5+ 33.Ka7 Kf6
34.Rxf7+ Kxg5 35.Rxb7 Rxb7+ 36.Kxb7 e5 37.Kxa6 e4 38.b4 e3 39.b5 e2 40.b6 e1=Q
41.b7 Qb4  0-1

[Event "Copenhagen op"]
[Site "Copenhagen"]
[Date "1988.??.??"]
[Round "?"]
[White "Horvath, Tamas"]
[Black "Sorensen, Bent"]
[Result "1-0"]
[WhiteElo "2415"]
[BlackElo "2320"]

1.e4 e6 2.d4 d5 3.Nd2 a6 4.Bd3 c5 5.dxc5 Bxc5 6.Ngf3 Nf6 7.e5 Nfd7 8.O-O Nc6
9.Nb3 Ba7 10.Bf4 Bb8 11.Qe2 h6 12.Nbd4 Nc5 13.Nxc6 bxc6 14.b4 Nxd3 15.cxd3 O-O
16.Rfc1 a5 17.bxa5 Qxa5 18.Bd2 Qa4 19.a3 Ba6 20.Bb4 Rc8 21.Qd2 Ba7 22.d4 Bc4
23.Rc3 c5 24.dxc5 Bxc5 25.Bxc5 Rxc5 26.Nd4 Rcc8 27.Rg3 Kh8 28.Qf4 Qd7 29.Qg4 Rg8
30.Rb1 Qe7 31.h3 Rxa3 32.Rxa3 Qxa3 33.Rb7 Qf8 34.Qf4 Qe8 35.Qxf7 Qxf7 36.Rxf7 Re8
37.f4 Kg8 38.Rc7 Kf8 39.g4 Re7 40.Kf2 Kf7 41.Rc6 Bd3 42.Rd6 Be4 43.Nc6 Rc7
44.Nd8+ Ke7 45.Nxe6 Rc2+ 46.Ke1 Rc1+ 47.Kd2 Rc2+ 48.Kd1 Rc3 49.Nxg7 Rxh3
50.f5 Bf3+ 51.Kd2 Bxg4 52.Ra6 Rh2+ 53.Kc3 Re2 54.Ra7+ Kf8 55.Kd4 Rd2+ 56.Kc5 Rc2+
57.Kd6 Be2 58.Ne6+ Kg8 59.Ra8+ Kh7 60.Nf8+ Kg7 61.Ne6+  1-0

[Event "Copenhagen op"]
[Site "Copenhagen"]
[Date "1988.??.??"]
[Round "?"]
[White "Kruszynski, Wlodzimierz"]
[Black "Sorensen, Bent"]
[Result "1/2-1/2"]
[WhiteElo "2335"]
[BlackElo "2320"]

1.e4 e6 2.d4 d5 3.Nd2 a6 4.Ngf3 c5 5.exd5 exd5 6.Be2 Nc6 7.dxc5 Bxc5 8.Nb3 Ba7
9.c3 Nge7 10.O-O O-O 11.Re1 Bg4 12.Nfd4 Bxe2 13.Rxe2 Qd6 14.Bg5 Ng6 15.Nf5 Qd7
16.Qd3 Rfe8 17.Rae1 Rxe2 18.Rxe2 Re8 19.Rxe8+ Qxe8 20.Be3 Nf4 21.Qb1 Bxe3  1/2-1/2

[Event "Copenhagen AS04"]
[Site "Copenhagen"]
[Date "1988.??.??"]
[Round "?"]
[White "Rozentalis, Eduardas"]
[Black "Karlsson, Lars"]
[Result "1/2-1/2"]
[WhiteElo "2490"]
[BlackElo "2520"]

1.e4 e6 2.d4 d5 3.Nd2 a6 4.Ngf3 c5 5.exd5 exd5 6.dxc5 Bxc5 7.Nb3 Bb6 8.Qe2+ Qe7
9.Bd2 Nc6 10.Bc3 Nf6 11.Bxf6 gxf6 12.c3 Rg8 13.Qxe7+ Kxe7 14.Nfd4 Nxd4 15.Nxd4 Bxd4
16.cxd4 Bf5 17.f3 Rac8 18.g4 Bg6 19.Rg1 f5 20.gxf5 Bxf5 21.Rxg8 Rxg8 22.Rc1 Kd6
23.Kf2 Rg6 24.h4 Kd7 25.b4 Kd6 26.a3 h6 27.Be2 Rg8 28.a4 Bh3 29.Rg1 Rxg1
30.Kxg1 Bd7 31.Bd1 f5 32.f4  1/2-1/2

[Event "DEN-chB"]
[Site "?"]
[Date "1988.??.??"]
[Round "6"]
[White "Bjerring, Kai"]
[Black "Sorensen, Bent"]
[Result "1/2-1/2"]
[WhiteElo "2305"]
[BlackElo "2320"]

1.e4 e6 2.d4 d5 3.Nd2 a6 4.Ngf3 c5 5.dxc5 Nf6 6.exd5 Qxd5 7.b4 a5 8.Bc4 Qh5
9.c3 Nc6 10.Rb1 Be7 11.O-O O-O 12.Qe2 Nd5 13.b5 Nxc3 14.Qd3 Nxb1 15.Qxb1 Ne5
16.Nxe5 Qxe5 17.Bd3 h6 18.Nc4 Qxc5 19.Be3 Qh5 20.Nb6 Rb8 21.Bh7+ Kh8 22.Be4 Bc5
23.Bf3 Qe5 24.Nc4 Qc7 25.b6 Qe7 26.Bf4 Ra8 27.Bc7  1/2-1/2

[Event "Dortmund-A"]
[Site "Dortmund"]
[Date "1988.??.??"]
[Round "?"]
[White "Popovic, Petar"]
[Black "Eingorn, Vereslav S"]
[Result "1-0"]
[WhiteElo "2570"]
[BlackElo "2570"]

1.e4 e6 2.d4 d5 3.Nd2 a6 4.Ngf3 c5 5.exd5 exd5 6.dxc5 Bxc5 7.Nb3 Ba7 8.Bg5 Ne7
9.Qd2 O-O 10.O-O-O Nbc6 11.Bd3 Bg4 12.Qf4 Bxf3 13.Qxf3 Qd6 14.Kb1 h6 15.Bh4 Rae8
16.Rhe1 Ne5 17.Qg3 N7g6 18.Bxg6 fxg6 19.Qc3 Bxf2 20.Bxf2 Rxf2 21.Na5 Rf7
22.Nc4 Nxc4 23.Rxe8+ Kh7 24.a3 Qc5 25.Rd8 Qb6 26.R1xd5 Rf1+ 27.Ka2  1-0

[Event "Frunze"]
[Site "Frunze"]
[Date "1988.??.??"]
[Round "?"]
[White "Ivanchuk, Vassily"]
[Black "Dreev, Alexey"]
[Result "1/2-1/2"]
[WhiteElo "2625"]
[BlackElo "2495"]

1.e4 e6 2.d4 d5 3.Nd2 a6 4.Ngf3 c5 5.exd5 exd5 6.Be2 cxd4 7.Nxd4 Nc6 8.N2f3 Bd6
9.O-O Nge7 10.Nxc6 bxc6 11.c4 O-O 12.Bg5 Qb6 13.h3 Be6 14.cxd5  1/2-1/2

[Event "Frunze"]
[Site "Frunze"]
[Date "1988.??.??"]
[Round "?"]
[White "Serper, Grigory"]
[Black "Dreev, Alexey"]
[Result "1/2-1/2"]
[WhiteElo "2435"]
[BlackElo "2495"]

1.e4 e6 2.d4 d5 3.Nd2 a6 4.Ngf3 c5 5.exd5 exd5 6.Be2 cxd4 7.O-O Bd6 8.Nb3 Nc6
9.Nbxd4 Nge7 10.Be3 O-O 11.Re1 Re8 12.Bd3 Nb4 13.Bf1 Nbc6 14.Bd3 Nb4 15.Bf1 Nbc6
16.Bd3 Nb4  1/2-1/2

[Event "BL2-N8788"]
[Site "Germany"]
[Date "1988.??.??"]
[Round "?"]
[White "Meier, Volker"]
[Black "Panzer, Peter"]
[Result "1/2-1/2"]
[WhiteElo "2295"]
[BlackElo "2275"]

1.e4 e6 2.d4 d5 3.Nd2 Nc6 4.c3 e5 5.dxe5 Nxe5 6.Ngf3 Nxf3+ 7.Qxf3 Nf6 8.Bd3 Bd6
9.h3 dxe4 10.Nxe4 Nxe4 11.Bxe4 O-O 12.Be3 Qe7 13.O-O-O c6 14.Bxc6 bxc6 15.Qxc6 Bb8
16.Bc5 Bf4+ 17.Kb1 Bf5+ 18.Ka1 Qe6 19.Qxe6 Bxe6 20.Bxf8 Kxf8 21.Rhe1 Rc8
22.Re4 Bc7 23.f3 Bb6 24.Re2 Ke7 25.Kb1 Kf6 26.Kc2 Bf5+ 27.Kb3 Bc5 28.a4 Be6+
29.Kc2 a5 30.b3 Rb8 31.c4 Rc8 32.Kb2 h5 33.Red2 Ke7 34.Re2 Bb4 35.Re5 g6
36.Rb5 Rd8 37.Rxd8 Kxd8 38.g4 hxg4 39.hxg4 Kc7 40.Kc2 Bd7 41.Rd5 Bc6 42.Rd3 Bd6
43.Kd2 g5 44.Ke3 f6 45.Ke2 Be5 46.Ke3 Bb2 47.Ke2 Kb6 48.Rd8 Kc5 49.Rc8 Kd6
50.Ke3 Ba3 51.Kf2  1/2-1/2

[Event "Groningen op"]
[Site "Groningen"]
[Date "1988.??.??"]
[Round "?"]
[White "Polaczek, Richard"]
[Black "Ehrke, Anja"]
[Result "1-0"]
[WhiteElo "2280"]
[BlackElo "2150"]

1.e4 e6 2.d4 d5 3.Nd2 Nc6 4.Ngf3 Nf6 5.e5 Nd7 6.Be2 f6 7.exf6 Qxf6 8.Nf1 Bd6
9.Ne3 O-O 10.O-O Qg6 11.Re1 Nf6 12.Qd3 Ne4 13.Nf1 Bd7 14.c3 Bf4 15.Bd1 Bxc1
16.Rxc1 Rf4 17.Bc2 Raf8 18.Ng3 Kh8 19.Qe3 e5 20.Nxe4 dxe4 21.Bxe4 Qh5 22.dxe5 Nxe5
23.Nxe5 Qxe5 24.f3 Rh4 25.g3 Rh6 26.Rc2 Bf5 27.Rce2 Bxe4 28.Qxe4 Qc5+ 29.Qd4 Qxd4+
30.cxd4 Kg8 31.Re7 Rf7 32.d5 Rd6 33.Re8+ Rf8 34.R8e7 Rf7 35.Rxf7 Kxf7 36.Rc1 Rd7
37.Kf2 Kf6 38.Ke3 Ke5 39.Rc5 b6 40.f4+ Kd6 41.Rc4 Kxd5 42.Rd4+ Ke6 43.f5+ Ke7
44.Rxd7+ Kxd7 45.Ke4 c5 46.Kd5 h5 47.h3 Ke7 48.Kc6 Kf6 49.a4 Kxf5 50.Kb7 g5
51.Kxa7 g4 52.hxg4+  1-0

[Event "IND-ch"]
[Site "?"]
[Date "1988.??.??"]
[Round "?"]
[White "Gupta, Radhey S"]
[Black "Prasad, Devaki V"]
[Result "1/2-1/2"]
[WhiteElo "2300"]
[BlackElo "2405"]

1.e4 e6 2.d4 d5 3.Nd2 Nc6 4.Ngf3 Nf6 5.e5 Nd7 6.Nb3 a5 7.a4 b6 8.c3 Bb7 9.Bf4 Qc8
10.h4 Ba6 11.h5 h6 12.Nh4 Bxf1 13.Kxf1 Qa6+ 14.Kg1 Be7 15.Nc1 Bxh4 16.Rxh4 Ne7
17.Rh3 c5 18.Ne2 Rc8 19.Rg3 Nf5 20.Rg4 Nf8 21.Ng3 cxd4  1/2-1/2

[Event "ISR-ch"]
[Site "Israel"]
[Date "1988.??.??"]
[Round "?"]
[White "Peretz, Malkiel"]
[Black "Lahav, Ehud"]
[Result "1/2-1/2"]
[WhiteElo "2345"]
[BlackElo "2340"]

1.e4 e6 2.d4 d5 3.Nd2 a6 4.Ngf3 c5 5.exd5 exd5 6.Qe2+ Be7 7.dxc5 Nf6 8.Nb3 O-O
9.Be3 Re8 10.Qd3 a5 11.Be2 a4 12.Nbd4 Na6 13.c6 Nb4 14.Qd1 Nxc6 15.h3 Ne4
16.a3 Bf6 17.O-O Bd7 18.Re1 Na5 19.Nd2 Bg5 20.Nxe4 dxe4 21.Qd2 Bxe3 22.Qxe3 Qb6
23.Red1 Rad8 24.Nb5 Qxe3 25.fxe3 Bc6 26.Nd6 Re6 27.Nc4 Rxd1+ 28.Rxd1 Nxc4
29.Bxc4 Re8 30.Bd5 Kf8 31.Bxc6 bxc6 32.b4 axb3 33.cxb3 Rb8 34.b4 Ra8 35.Ra1 Ke7
36.a4 Ke6 37.a5 g6 38.Kf2 f5 39.Ke2 Kd5 40.Rc1 Rb8 41.Rc5+ Kd6 42.Rc4 c5
43.bxc5+ Kc6 44.Kd2 Ra8 45.Ra4 Kxc5 46.g4 Kb5 47.Rd4 Rxa5 48.gxf5 gxf5 49.Rd7 Ra2+
50.Kc3 Ra3+ 51.Kd2 Ra2+  1/2-1/2

[Event "JUG-ch"]
[Site "?"]
[Date "1988.??.??"]
[Round "?"]
[White "Podlesnik, Bogdan"]
[Black "Drasko, Milan"]
[Result "1/2-1/2"]
[WhiteElo "2345"]
[BlackElo "2465"]

1.e4 e6 2.d4 d5 3.Nd2 Nc6 4.Ngf3 Nf6 5.e5 Nd7 6.Be2 Be7 7.b3 f6 8.Bb2 fxe5
9.Nxe5 Ndxe5 10.dxe5 O-O 11.O-O Bc5 12.c4 Bd4 13.Bxd4 Nxd4 14.Nf3 Nxe2+ 15.Qxe2 c5
16.Rad1 b6 17.cxd5 exd5 18.Qd2 Bb7 19.Ng5 Qe8 20.Qd3 Qh5 21.f4 Rae8 22.Rde1  1/2-1/2